=LDR 00000nam 2200000 4500 =001 INLIS00000000000026 =005 20260702043538 =020 ##$$a 978-623-94127-8-4 =082 ##$$a 334.000 =100 1#$$a Dewi Shinta Halim, Se. =245 1 $$a Cara Mudah Membangun Koperasi /$c Dewi Shinta Halim, Se. =300 ##$$a 90 ; 14 x 21 cm